=LDR 00000nam 2200000 4500 =001 INLIS00000000000015 =005 20260702043538 =020 ##$$a 978-623-885-16-9-0 =082 ##$$a 012.378 =100 1#$$a Allah, Hamba =245 1 $$a Belajar Malu Sama Allah /$c Hamba Allah =300 ##$$a 124 ; 13,5 cm X 20,5 cm